| 000 | 00000nam##2200000za#4500 |
| 001 | 9.639706 |
| 003 | CaOODSP |
| 005 | 20210624222313 |
| 007 | cr ||||||||||| |
| 008 | 150407|1998||||xxc|||||o f|0| 0 fre|d |
| 040 | |aCaOODSP|bfre |
| 043 | |an-cn--- |
| 086 | 1 |aF1-23/1998-5F-PDF |
| 110 | 1 |aCanada. |bMinistère des finances. |
| 245 | 10|aStratégie canadienne pour l'égalité des chances |h[ressource électronique] |
| 246 | 1 |aLe budget de 1998 - bâtir le Canada pour le XXIe siècle |
| 260 | |aOttawa - Ontario : |bFinances Canada |cFévrier 1998. |
| 300 | |a48p.|bgraphiques, tableaux |
| 500 | |aLe nº de catalogue (F1-23/1998-5F) et l'ISBN (0-662-82669-8) de l'édition imprimée ont été incorrectement copiés dans cette édition électronique. |
| 590 | |a12-13-Supp|b2012-04-03 |
| 691 | 07|aBourse d'études|2gcpds |
| 691 | 07|aBudget|2gcpds |
| 691 | 07|aFinancement de l'éducation|2gcpds |
| 691 | 07|aPrêt étudiant|2gcpds |
| 775 | 08|tThe Canadian opportunities strategy |w(CaOODSP)9.695573 |
| 856 | 40|ahttp://publications.gc.ca|qPDF|s174 Ko|uhttps://publications.gc.ca/collections/collection_2012/fin/F1-23-1998-5-fra.pdf |